00684nam a2200181 4500001000700000003000900007005001700016007000300033008004100036111006900077245008100146260004500227300002100272700003600293852003200329999001900361952012200380123108ES-MaACL20230906192119.0t|070214s1973 sp r ||||0| spa d2 aSemaines sociales de France (cLille (d1969) (n. 56ª)913519611a¿Qué economía?, ¿para qué sociedad? / cversión de Fausto Ezcurra. aBilbao : bDescleé de Brouwer, c1973. a382 p ; c19 cm.1 aEzcurra Rolín, Fausto.948465 aES-MaACLjC-52046 bR.85945 c123108d123108 00104070aATENEOMbATENEOMcDEPO2d2008-01-17eSCl0oC-52046p1128279r2023-02-23 00:00:00w2023-02-23yMONOGRAFIA